Losowe państwa na mapie Afryki - Statystyki

Ogólne statystyki
  • Ten quiz został rozwiązany 59 235 razy
  • Średni wynik to 11 z 15
Odpowiedzi na mapie
Odpowiedzi zakodowano w zielono-czerwonej skali na mapie do tego quizu, zgodnie z poniższymi procentami.
 
Statystyki odpowiedzi
Państwa Afryki % Poprawnych
Egipt
99%
Madagaskar
96%
Maroko
96%
Republika Południowa Afryka
96%
Algieria
95%
Libia
93%
Demokratyczna Republika Konga
92%
Sudan
92%
Tunezja
92%
Niger
91%
Somalia
90%
Etiopia
88%
Czad
87%
Mali
86%
Nigeria
85%
Kenia
82%
Senegal
81%
Sudan Południowy
81%
Angola
80%
Lesotho
79%
Erytrea
78%
Mauretania
78%
Mozambik
77%
Namibia
76%
Kongo
75%
Tanzania
75%
Togo
74%
Wybrzeże Kości Słoniowej
74%
Ghana
73%
Gwinea
72%
Republika Środkowoafrykańska
72%
Republika Zielonego Przylądka
72%
Zambia
72%
Zimbabwe
72%
Botswana
71%
Kamerun
71%
Uganda
71%
Seszele
70%
Eswatini
69%
Wyspy Świętego Tomasza i Książęca
69%
Dżibuti
68%
Gambia
68%
Rwanda
68%
Gwinea Równikowa
67%
Komory
67%
Benin
66%
Gabon
65%
Burkina Faso
64%
Liberia
64%
Mauritius
63%
Sierra Leone
63%
Gwinea Bissau
62%
Malawi
62%
Burundi
57%
Nie znaleziono quizów pasujących do podanych kryteriów
Rozkład punktacji
Procent ludzi z każdym wynikiem
Percentyl według liczby udzielonych odpowiedzi
Twoja historia wyników
Nie rozwiązałeś tego quizu